[Event "Warsaw Najdorf Memorial op-B"]
[Site "Warsaw"]
[Date "2022.07.12"]
[Round "4"]
[White "Wnuk, Piotr1111"]
[Black "Leszczewicz, Karol"]
[Result "1/2-1/2"]
[WhiteElo "1412"]
[BlackElo "1519"]
[PlyCount "56"]
[EventDate "2022.07.09"]
[EventType "swiss"]
[EventRounds "9"]
[EventCountry "POL"]
[SourceTitle "CBM 209 Extra"]
[Source "ChessBase"]
[SourceDate "2022.09.30"]
[SourceVersion "1"]
[SourceVersionDate "2022.09.30"]
[SourceQuality "1"]

1. f4 d5 2. Nf3 Nf6 3. e3 c5 4. b3 g6 5. Bb2 Bg7 6. Be2 0-0 7. 0-0 Nc6 8. Ne5 Nxe5 9. Bxe5 Ne4 10. Bxg7 Kxg7 11. d3 Nf6 12. Nd2 Re8 13. Bf3 Qd6 14. g3 h5 15. e4 dxe4 16. Nxe4 Qd4+ 17. Kh1 Nxe4 18. dxe4 Qxd1 19. Raxd1 b6 20. e5 Rb8 21. c4 Bh3 22. Bg2 Bxg2+ 23. Kxg2 Red8 24. Kf3 e6 25. Ke4 Kf8 26. h3 Ke7 27. a4 a5 28. h4 Rbc8 1/2-1/2

[Event "POL-ch U13 Qual"]
[Site "Jastrzebia Gora"]
[Date "2021.11.18"]
[Round "5"]
[White "Nowak, Maciej2222"]
[Black "Leszczewicz, Karol"]
[Result "0-1"]
[WhiteElo "1338"]
[BlackElo "1393"]
[PlyCount "116"]
[EventDate "2021.11.15"]
[EventType "swiss"]
[EventRounds "9"]
[EventCountry "POL"]
[SourceTitle "EXT 2023"]
[Source "ChessBase"]
[SourceDate "2022.10.05"]
[SourceVersion "1"]
[SourceVersionDate "2022.10.05"]
[SourceQuality "1"]

1. d4 Nf6 2. c4 c5 3. d5 b5 4. Bf4 bxc4 5. Nc3 g6 6. e4 d6 7. Bxc4 Bg7 8. Nge2 0-0 9. f3 Nbd7 10. a3 Rb8 11. Rb1 Nh5 12. Qc2 Nxf4 13. Nxf4 Qa5 14. 0-0 Ba6 15. Bxa6 Qxa6 16. Nd3 Nb6 17. b3 c4 18. Nb4 Qxa3 19. Nc6 Rb7 20. Rfc1 Qc5+ 21. Kh1 Nc8 22. Na4 Qe3 23. bxc4 Nb6 24. c5 dxc5 25. Nxc5 Rc7 26. Qb3 Qxb3 27. Rxb3 Bh6 28. Ra1 Bg7 29. Rxa7 Rxa7 30. Nxa7 Bd4 31. Rxb6 Bxc5 32. Rc6 Bxa7 33. Rc7 Rb8 34. g3 Rb1+ 35. Kg2 Rb2+ 36. Kh1 Bd4 37. Rxe7 Kf8 38. Rc7 Rb8 39. Kg2 Be5 40. Rc6 g5 41. Ra6 Kg7 42. Ra4 h5 43. Rc4 Rb2+ 44. Kh3 Rf2 45. d6 Bxd6 46. Rc3 Rxf3 47. Rxf3 g4+ 48. Kg2 gxf3+ 49. Kxf3 Kg6 50. h3 Kf6 51. Kf2 Ke5 52. Ke3 Bc5+ 53. Kf3 Bd4 54. g4 h4 55. g5 Bc3 56. Ke3 Be1 57. Kf3 Bg3 58. Kg4 Kxe4 0-1

[Event "POL-chT U20 2nd League"]
[Site "Sypniewo"]
[Date "2020.??.??"]
[Round "8.9"]
[White "Rozek, Michal"]
[Black "Leszczewicz, Karol"]
[Result "1-0"]
[WhiteElo "1442"]
[BlackElo "1267"]
[PlyCount "75"]
[EventDate "2020.10.23"]
[EventType "team-swiss"]
[EventRounds "9"]
[EventCountry "POL"]
[SourceTitle "CBM 199 Extra"]
[Source "ChessBase"]
[SourceDate "2021.01.31"]
[SourceVersion "1"]
[SourceVersionDate "2021.01.31"]
[SourceQuality "1"]

1. e4 c5 2. Nf3 d6 3. Bb5+ Bd7 4. Bxd7+ Qxd7 5. c4 Nc6 6. d4 cxd4 7. Nxd4 g6 8. Nc3 Bg7 9. Be3 Nf6 10. f3 0-0 11. 0-0 Rac8 12. b3 Rfd8 13. Rc1 Nxd4 14. Bxd4 Bh6 15. Rc2 Nh5 16. Bxa7 Nf4 17. Nd5 Nxd5 18. Qxd5 Rc6 19. Bf2 Qc7 20. Rd1 Ra8 21. a4 Ra5 22. Qd3 Ra8 23. Re2 Ra5 24. Ra1 Ra8 25. Rc2 Rca6 26. Rca2 Qc6 27. Bd4 Qd7 28. a5 Qc6 29. b4 Qc7 30. Bb6 Qd7 31. b5 Bg7 32. bxa6 Bxa1 33. axb7 Qxb7 34. Rxa1 Qc6 35. Qd5 Qxd5 36. cxd5 Kg7 37. a6 Kf8 38. a7 1-0